000 00650 a2200205 4500
001 60179
005 20260407155853.0
008 260407a1983 arg spa d
003 AR-UNSa-BCEJYS
040 _aAR-UNSa-BCEJYS
_bspa
_cAR-UNSa-BCEJYS
080 _a342.4
_xConstituciones. Asambleas legislativas. Asambleas nacionales (Reforma...)
245 1 0 _aAnálisis pedagógico de la Constitución Nacional
020 _a978-950-14-0097-7
264 1 _aBuenos Aires :
_bEdiciones Depalma
_c1983
300 _axx, 151 p.
_c20 cm.
041 _aspa
942 _cBK
590 _aniveau_biblio:m niveau_hierar:0
100 1 _aEkmekdjian, Miguel Ángel
999 _c6889
_d6889